000 00358 a2200169 4500
001 186968
020 _a85-322-0636-0
040 _cMagnum
100 _aCasasanta, Therezinha
240 1 0 _aUm lugar para viver
_lpor
245 1 0 _aUm lugar para viver
300 _a20
362 0 _a1992
440 1 _aFTD
697 _aLITERATURA INFANTO
942 _cBK
999 _c186968
_d186968